01483nam a22003734a 4500001001200000003000800012006001900020007001500039008004100054010001700095020002800112040002100140035002100161050002400182082001600206245012600222250003200348260003500380300002500415490004800440500003800488504005100526533015200577650003100729650003400760655002900794700002800823700003000851710001700881730001900898830004900917856012600966999001701092ebr10051232CaPaEBRm u cr cn|||||||||000725s2001 nyua sb 001 0 eng  z 00060207  z0824704142 (alk. paper) aCaPaEBRcCaPaEBR a(OCoLC)55943040614aS592.3b.S66 2001eb04a631.4/322100aSoil and environmental analysish[electronic resource] :bphysical methods /cedited by Keith A. Smith, Chris E. Mullins. a2nd ed., rev. and expanded. aNew York :bM. Dekker,cc2001. aviii, 637 p. :bill.1 aBooks in soils, plants, and the environment aRev. ed. of: Soil analysis. 1991. aIncludes bibliographical references and index. aElectronic reproduction.bPalo Alto, Calif. :cebrary,d2013.nAvailable via World Wide Web.nAccess may be limited to ebrary affiliated libraries. 0aSoil physicsxMethodology. 0aSoilsxEnvironmental aspects. 7aElectronic books.2local1 aSmith, Keith A.,d1940-1 aMullins, Chris E.,d1947-2 aebrary, Inc.0 aSoil analysis. 0aBooks in soils, plants, and the environment.40uhttp://site.ebrary.com/lib/rucke/Doc?id=10051232zAn electronic book accessible through the World Wide Web; click to view c76034d76034